000 00422nam a22001697a 4500
005 20180209121346.0
008 160428b xxu||||| |||| 00| 0 eng d
020 _a81-2032028-X
041 _aeng
082 _b00621
_a005.74
100 _aPnneerselvam,R.
_9174
245 _aDatabase Management System
260 _aNew Delhi
_bPHI Pvt Ltd.
_c2004
300 _a377
650 _aInformation Technology
_9137
942 _cBK
999 _c177
_d177